Spucvlvm.Historiale [časť IV.]

Bibliographic Details
Main Author: Vincent de Beauvais, okolo 1190-1264 (Author)
Corporate Author: Mentelin, Johannes (Štrasburg, Francúzsko) (Printer)
Other Authors: Mentelin, Johannes, 1410-1478 (Printer)
Format: Book
Language:Latin
PhysicalDescription:213 fólií \c 41 cm
Published: [Štrasburg] Iohannem.Mentelin Anno.Domini.Millesimoqvadringentesimoseptvagesimotercio. Qvarta.Die. Decembris [4.12.1473]
Subjects:

MARC

LEADER 00000nam a2200000 a 4500
001 vtls011871815
003 SK-MaSNL
005 20260301224647.0
008 251112s1473 fr 000 0 lat
015 |a SNBHFA1473 
040 |a SNK  |b slo  |c SNK  |e AACR2 
041 0 |a lat 
044 |a fr  |c FR 
100 0 |a Vincent de Beauvais,  |d okolo 1190-1264  |4 aut  |9 500859 
245 1 0 |a Spucvlvm.Historiale  |c Fratris.Vincencii  |n [časť IV.] 
246 3 3 |a [Speculum historiale] 
260 |a [Štrasburg]  |b Iohannem.Mentelin  |c Anno.Domini.Millesimoqvadringentesimoseptvagesimotercio. Qvarta.Die. Decembris [4.12.1473] 
300 |a 213 fólií \c 41 cm 
500 |a Iniciálka v incipite na 8 riadkov v modrej farbe, iniciálky na začiatku kapitol na 8 riadkov v modrej a červenej farbe, iniciálky na 2-3 riadky prevažne v modrej a červenej farbe, rubrikovanie červené alebo žlté, priesvitka v tvare polmesiaca s hviezdou a na prvom fóliu parožie obklopujúce jeleňa stojacého na kolese doplnené nižšie na liste o iniciálky GL. 
501 |a Príväzok 1. k: VINCENT DE BEAUVIAIS. Spucvli. Historialis, Tercivm Volvmen. [Štrasburg]: Johannem Mentellin, [4.XII.1473].  |5 SNK Inc A 30/3-4 
504 |a Menný, miestny a vecný register 
510 4 |a Kotvan \c 1217 
510 4 |a ISTC \c M50587 
510 4 |a GW \c iv00283000 
546 |a Latinčina 
550 |a Meno tlačiara uvedené podľa kolofónu, miesto, dátum tlače a číslo časti podľa Kotvana a ISTC. 
561 |a Provinencia: Vytlačený exlibris na prednom prídoští s ceruzkou dopísaným označením: Inscriptus Bibliothecae Jaszoviensi Canonicorum Regularium Praemonstratensium Incunabulum: 153 III-IV.  |5 SNK Inc A 30/3-4/prív.1 
563 |a Väzba: Renesančná väzba zdobená slepotlačou zo svetlej kože. Rámová kompozícia so zrkadlom zdobeným otlačeným platne s motívom arabesky. Rámy zdobené florálnym a ornamentálnym valčekom a kolkami.  |5 SNK Inc A 30/3-4/prív.1 
650 0 7 |a encyklopédie  |2 SNKPH  |9 81740 
650 0 7 |a dejiny  |2 SNKPH  |9 3825 
700 1 |a Mentelin, Johannes,  |d 1410-1478  |4 prt  |9 616186 
710 2 |a Mentelin, Johannes (Štrasburg, Francúzsko),  |d 1460-1478  |4 prt  |9 616187 
710 1 |a Premonštráti (Jasov, Slovensko)  |4 fmo  |9 184718 
752 |a Francúzsko  |d Štrasburg 
852 |a snk  |b Historické fondy  |p Inc A 30/3-4/prív.1 
958 |a ONDV 
999 |c 948055  |d 949985 
952 |t Inc A 30/III.IV.  |a SNK  |b SNK  |c SNK_HF  |y PREZ  |7 0  |p 17A1355170  |o snkInc A 30/III.IV./prív.1  |i snk1976/1395  |8 5  |0 0  |1 0  |4 0  |d 2019-06-19  |f 1  |l 0  |r 2026-02-24 09:39:36  |w 2026-02-24